Tres caras de la precariedad laboral

Detalles Bibliográficos
Formato: eBook
Lenguaje:español
Publicado: Madrid: Dykinson, 2020
Materias:
Acceso en línea:Acceso restringido

MARC

LEADER 00000nam a22000007a 4500
005 20200526220812.0
007 cr|||| ||||
008 200526s2020 es |||||s|||| 00||0 spa d
020 |a 978-84-1324-620-8 
035 |a 31455 
040 |a vLex 
090 |c 10387  |d 10387 
245 1 0 |a Tres caras de la precariedad laboral  |h [Recurso electrn̤ico] / 
256 |a Servicio en ln̕ea 
260 |a Madrid:  |b Dykinson,  |c 2020 
300 |a 1 recurso electrn̤ico 
500 |a Un estudio econm̤ico, social y criminolg̤ico. 
506 1 |a Disponible solo en los productos indicados  |d vLex Global  |d vLex Global (Academic Edition, excluding Law Schools)  |d vLex Global (U.S. Academic Edition, Law Schools)  |d vLex Global (U.S. Academic Edition, excluding Law Schools)  |d vLex Global (Academic Edition, Law Schools) 
650 0 4 |a Derecho Laboral y Seguridad Social  |z Espaą 
740 0 |a vLex Libros (Servicio en ln̕ea) 
856 4 0 |u http://vlex.com/source/tres-caras-precariedad-laboral-31455  |z Acceso restringido 
942 |c BOOK 
999 0 |a Labor law and social security